|
|
|
|
| LEADER |
00000nam a2200000 a 4500 |
| 001 |
vtls008826003 |
| 003 |
SK-MaSNL |
| 005 |
20260301124139.0 |
| 008 |
240318s2006 xo ob g f 001 0 eng |
| 015 |
|
|
|a SNBE2006/03-00833
|
| 020 |
|
|
|a 8007014020
|q (brož.)
|
| 035 |
|
|
|a urn:nbn:sk:snk-am008ogv
|
| 035 |
|
|
|a urn:nbn:sk:snk-am3j3yn
|
| 035 |
|
|
|a 43B88688-B755-43E7-B216-15A50B3682BA
|
| 040 |
|
|
|a SNK
|b slo
|c SNK
|e AACR2
|
| 041 |
1 |
|
|a eng
|h slo
|
| 043 |
|
|
|a e-xr---
|
| 044 |
|
|
|a xo
|c SK
|
| 072 |
|
7 |
|a 913(4)
|x Geografia Európy, reálie, cestovanie
|2 konspekt
|
| 080 |
|
|
|a 913:338.483.1
|2 2001
|
| 080 |
|
|
|a (036)913
|2 2001
|
| 080 |
|
|
|a 913(437.311)
|2 2001
|
| 100 |
1 |
|
|a Lacika, Ján,
|d 1956-
|4 aut
|9 101502
|
| 245 |
1 |
0 |
|a Prague
|b a tourist guide
|c Ján Lacika ; [translation David Fairhurst]
|
| 250 |
|
|
|a 1st ed.
|
| 260 |
|
|
|a Bratislava
|b Príroda
|c 2006
|
| 300 |
|
|
|a 64 s.
|b fotogr., mp.
|c 22 cm
|
| 504 |
|
|
|a Obsahuje register
|
| 650 |
0 |
7 |
|a turistické zaujímavosti
|2 SNKPH
|9 73869
|
| 651 |
|
7 |
|a Praha (Česko)
|2 SNKPH
|9 19313
|
| 655 |
|
7 |
|a turistickí sprievodcovia (publikácie)
|2 SNKPH
|9 191298
|
| 655 |
|
7 |
|a informačné publikácie
|2 SNKPH
|9 70181
|
| 700 |
1 |
|
|a Fairhurst, David
|4 trl
|9 43636
|
| 919 |
|
|
|a 80-07-01402-0
|
| 958 |
|
|
|a OND
|
| 999 |
|
|
|c 738596
|d 740526
|
| 952 |
|
|
|a SNK
|b SNK
|y PREZ
|7 0
|p 17A0514443
|o snkSC 124041
|i snk2006/12785
|8 0
|0 0
|1 0
|4 0
|d 2006-06-26
|f 1
|l 0
|r 2025-06-05 00:00:00
|w 2026-02-23
|
| 952 |
|
|
|a SNK
|b SNK
|y VYP
|7 0
|p 17A0514442
|o snkSC 124041 D1
|i snk2006/12786
|8 0
|0 0
|1 0
|4 0
|d 2006-06-26
|l 0
|r 2026-02-23 22:51:31
|w 2026-02-23
|